Learning Resource and Development

The labor code of the Philippines : (Record no. 3732)

MARC details
000 -LEADER
fixed length control field 00872nam a22002057a 4500
005 - DATE AND TIME OF LATEST TRANSACTION
control field 20230512221859.0
008 - FIXED-LENGTH DATA ELEMENTS--GENERAL INFORMATION
fixed length control field 180427t xxu||||| |||| 00| 0 eng d
040 ## - CATALOGING SOURCE
Transcribing agency CSPC
082 0# - DEWEY DECIMAL CLASSIFICATION NUMBER
Classification number 344.59901
Item number L113
245 00 - TITLE STATEMENT
Title The labor code of the Philippines :
Remainder of title Presedential Decree No. 442 : a decree instituting a labor code, thereby revising and consolidating labor and social laws to afford protection to labor, promote employment and human resources development and insure industrial peace based on social justice/
260 ## - PUBLICATION, DISTRIBUTION, ETC.
Place of publication, distribution, etc. Manila :
Name of publisher, distributor, etc. Philippine Law Gazette,
Date of publication, distribution, etc. 2007.
300 ## - PHYSICAL DESCRIPTION
Extent 648 pages :
Dimensions 26 cm.
500 ## - GENERAL NOTE
General note Includes Index.
650 10 - SUBJECT ADDED ENTRY--TOPICAL TERM
Topical term or geographic name entry element Labor laws
Geographic subdivision Philippines.
700 1# - ADDED ENTRY--PERSONAL NAME
Personal name Foz, Vicente B.
Relator term editor.
940 ## - EQUIVALENCE OR CROSS-REFERENCE--UNIFORM TITLE [OBSOLETE] [CAN/MARC only]
Uniform title <a href="aag">aag</a>
942 ## - ADDED ENTRY ELEMENTS (KOHA)
Koha item type
-- FIL 344.59901 L113 2007
Holdings
Withdrawn status Lost status Damaged status Not for loan Home library Current library Shelving location Date acquired Total Checkouts Full call number Barcode Date last seen Copy number Price effective from Koha item type
        Main Library Main Library Filipiniana Section 05/12/2023   FIL 344.59901 L113 2007 018738 05/12/2023 1-1 05/12/2023 Books